000 00545nam a2200217Ia 4500
003 OSt
005 20221005123305.0
006 a|||||r|||| 00| 0
007 ta
008 221004b |||||||| |||| 00| 0 tam d
024 _a47508
037 _cTextual
040 _aCRL
_cCRL
_btam
041 _2tam
_atam
082 _aO31v, K02
100 _aGopalkrishan
_9633483
245 0 _aKvzhandhai clakkiya nvaralaru
650 _aTAMIL LITERATURE
942 _hO31v, K02
_cTEXL
_2cc
999 _c1046953
_d1046953